| 000 | 00727cab a2200241 4500 | ||
|---|---|---|---|
| 001 | ABS58976 | ||
| 008 | 090401t1998 xxu||||| |||| 00| 0 eng d | ||
| 035 | _a(Sirsi) u87494 | ||
| 041 | _aeng | ||
| 100 | _aAlderson, F. | ||
| 245 | _aContingency plan | ||
| 260 | _c1998 | ||
| 350 | _a0 | ||
| 490 |
_aConstruction News _v(6573) 9 July 1998, 20(1) |
||
| 520 | _aDiscusses the court decision in the case of "Thai Trading v Taylor" concerning contingency fees. Considers the pros and cons of conditional fee agreements. | ||
| 650 | _aCONSTRUCTION CASES | ||
| 650 | _aCONTINGENCY FEES | ||
| 650 | _aLEGAL COSTS | ||
| 650 | _aTHAI TRADING V TAYLOR | ||
| 690 | _aBUILT ENVIRONMENT | ||
| 942 | _n0 | ||
| 948 | _c20/07/1998 | ||
| 999 |
_c55192 _d55192 |
||